00538nam a2200181Ia 4500003000400000005001700004008004100021020001800062040001800080041000800098082001900106100005300125245006900178250000600247260006100253300001900314650002300333OSt20240420112524.0210716s2010 xx 000 0 und d a9788177589764 cAIMIT LIBRARY aeng a658.404 bLARC aGray, Clifford F;Larson, Erik W;Desai, Gautam V. aProject management: the managerial process.bManagerial process. a6 aNew DelhibTata McGraw Hill Publishing Company Ltdc2010 axxxiv,917/2014 aProject Management